Diseño, construcción y puesta en marcha de un equipo de experimentación para realizar prácticas sobre columnas de lecho fluidizado en el laboratorio de la Escuela de Ingeniería Química
Guardat en:
| Autor principal: | |
|---|---|
| Format: | Llibre |
| Publicat: |
2006
San José, C.R.
|
| Matèries: | |
| Etiquetes: |
Afegir etiqueta
Sense etiquetes, Sigues el primer a etiquetar aquest registre!
|
MARC
| LEADER | 00000nam a2200000Ia 4500 | ||
|---|---|---|---|
| 003 | 009742 | ||
| 005 | 20221231144122.0 | ||
| 008 | 140114s2006 cr a 000 ||sp d | ||
| 040 | |c cru CEDI | ||
| 090 | |a TFG 5270 | ||
| 100 | |a Solano Coto, Manrique |9 5574 | ||
| 245 | |a Diseño, construcción y puesta en marcha de un equipo de experimentación para realizar prácticas sobre columnas de lecho fluidizado en el laboratorio de la Escuela de Ingeniería Química | ||
| 260 | |c San José, C.R. |b 2006 | ||
| 300 | |a xvi, 153 hojas : ilustraciones (algunas a color) | ||
| 500 | |a Proyecto de graduación (licenciatura en ingeniería química)--Universidad de Costa Rica. Facultad de Ingeniería. Escuela de Ingeniería Química | ||
| 650 | |x FLUIDIZACION |x EXPERIMENTACION |x INVESTIGACIONES |x EQUIPO Y ACCESORIOS |9 5575 | ||
| 942 | |c TFG | ||
| 999 | |c 17154 |d 17154 | ||
